[Event "BCF-ch 5-day op PM Week 1"]
[Site "Torquay"]
[Date "2013.08.03"]
[Round "5.86"]
[White "Shaw, Meyrick"]
[Black "Ash, Michael"]
[Result "1/2-1/2"]
[WhiteElo "2026"]
[BlackElo "1775"]
[PlyCount "48"]
[EventDate "2013.07.29"]
[EventType "swiss"]
[EventRounds "5"]
[EventCountry "ENG"]
[SourceTitle "EXT 2023"]
[Source "ChessBase"]
[SourceDate "2022.10.05"]
[SourceVersion "1"]
[SourceVersionDate "2022.10.05"]
[SourceQuality "1"]

1. e4 c5 2. Nc3 g6 3. g3 Bg7 4. Bg2 e5 5. Nge2 Ne7 6. d3 Nbc6 7. Be3 d6 8. 0-0 Rb8 9. Qd2 b5 10. Rae1 Be6 11. Nd5 Qd7 12. f4 Nd4 13. fxe5 Nxe2+ 14. Rxe2 Nxd5 15. exd5 Bg4 16. Ree1 Bxe5 17. Bxc5 0-0 18. Be3 Rbc8 19. d4 Bg7 20. Bh6 Bxh6 21. Qxh6 Rxc2 22. Rf4 Re8 23. Ree4 Rxe4 24. Rxe4 Bf5 1/2-1/2

[Event "British-ch 5-day op AM Week 1"]
[Site "Torquay"]
[Date "2013.08.02"]
[Round "5.4"]
[White "Burke, Mitchell R"]
[Black "Ash, Michael"]
[Result "1-0"]
[WhiteElo "1971"]
[BlackElo "1775"]
[PlyCount "61"]
[EventDate "2013.07.29"]
[EventType "swiss"]
[EventRounds "5"]
[EventCountry "ENG"]
[SourceTitle "EXT 2023"]
[Source "ChessBase"]
[SourceDate "2022.10.05"]
[SourceVersion "1"]
[SourceVersionDate "2022.10.05"]
[SourceQuality "1"]

1. e4 c5 2. Nc3 g6 3. f4 Bg7 4. Nf3 Nc6 5. Bb5 e6 6. Bxc6 bxc6 7. 0-0 d5 8. d3 Ne7 9. Qe1 0-0 10. Qh4 f6 11. Rd1 Ba6 12. Qh3 Qd6 13. b3 Bc8 14. Qg3 c4 15. dxc4 Qb4 16. Bd2 Qc5+ 17. Kh1 dxc4 18. Na4 Qb5 19. Nd4 Qh5 20. Bb4 Re8 21. Nc5 f5 22. e5 Nd5 23. Nxc6 Nxb4 24. Nxb4 Bf8 25. Qe3 Rb8 26. Nc6 Rb5 27. Nd7 Bxd7 28. Rxd7 Bc5 29. Qc3 cxb3 30. axb3 Rc8 31. Qc4 1-0

[Event "BCF-ch 5-day op PM Week 1"]
[Site "Torquay"]
[Date "2013.08.01"]
[Round "4.91"]
[White "Ash, Michael"]
[Black "Willson, Gary"]
[Result "1-0"]
[WhiteElo "1775"]
[BlackElo "1612"]
[PlyCount "61"]
[EventDate "2013.07.29"]
[EventType "swiss"]
[EventRounds "5"]
[EventCountry "ENG"]
[SourceTitle "EXT 2023"]
[Source "ChessBase"]
[SourceDate "2022.10.05"]
[SourceVersion "1"]
[SourceVersionDate "2022.10.05"]
[SourceQuality "1"]

1. e4 Nf6 2. e5 Nd5 3. d4 d6 4. c4 Nb6 5. f4 g6 6. Nc3 c6 7. Be3 Bg7 8. Qb3 0-0 9. Nf3 dxe5 10. fxe5 Be6 11. 0-0-0 Qc7 12. Ng5 Bf5 13. c5 N6d7 14. e6 fxe6 15. Nxe6 Bxe6 16. Qxe6+ Rf7 17. Bc4 Nf6 18. Qxf7+ Kh8 19. Rhf1 Nbd7 20. Bf4 Qd8 21. Rfe1 b5 22. Rxe7 Qf8 23. Bb3 a5 24. Bd6 Qxf7 25. Bxf7 b4 26. Ne4 Nxe4 27. Rxe4 Nf6 28. Re6 Rd8 29. Be5 Nh5 30. Re8+ Rxe8 31. Bxe8 1-0

[Event "British-ch 5-day op AM Week 1"]
[Site "Torquay"]
[Date "2013.07.30"]
[Round "2"]
[White "Ash, Michael"]
[Black "Body, Giles"]
[Result "1/2-1/2"]
[WhiteElo "1775"]
[BlackElo "1930"]
[PlyCount "64"]
[EventDate "2013.07.29"]
[EventType "swiss"]
[EventRounds "5"]
[EventCountry "ENG"]
[SourceTitle "EXT 2023"]
[Source "ChessBase"]
[SourceDate "2022.10.05"]
[SourceVersion "1"]
[SourceVersionDate "2022.10.05"]
[SourceQuality "1"]

1. e4 e5 2. Nc3 Nf6 3. g3 d5 4. exd5 Nxd5 5. Bg2 Nxc3 6. bxc3 Bd6 7. Ne2 0-0 8. 0-0 c6 9. d4 Bf5 10. Rb1 Qc7 11. f4 f6 12. fxe5 fxe5 13. d5 c5 14. c4 Na6 15. a3 Bg6 16. Rxf8+ Rxf8 17. Nc3 b6 18. Be4 Bxe4 19. Nxe4 Qd7 20. Qe2 Be7 21. Bb2 Bf6 22. Re1 Re8 23. Qf3 Rf8 24. Qh5 Qa4 25. Qe2 Nb8 26. Nc3 Qd7 27. Qd3 Kh8 28. Re3 Re8 29. Qe2 a6 30. Ne4 Qe7 31. Nf2 Nd7 32. Nd3 Qd6 1/2-1/2